000 01881cam a22005174i 4500
003 PE-LiUPU
005 20250731165649.0
008 150616s r 000 0 d
020 _a1555401570
035 _a(Sirsi) i9781555401573
040 _aPE-LiUPU
_bspa
_cPE-LiUPU
_erda
049 _aPRUA
082 0 4 _a221.07
_bH1
_221
100 1 _aPropp, William Henry,
_eautor.
245 1 0 _aWater in the Wilderness :
_ba Biblical Motif and Its Mythological Background.
_n40 /
_cWilliam Henry Propp.
264 1 _aAtlanta, Georgia :
_bScholars Press,
_c1987.
300 _a143 páginas ;
_c23 centímetros
336 _atext
_2rdacontent
337 _aunmediated
_2rdamedia
338 _avolume
_2rdacarrier
490 0 _aHarvard Semitic Museum Publications. Harvard Semitic Monographs ;
_v 40
504 _aIncluye bibliografía.
505 0 _aThirst and creation.- Water from the mountain.- Massah and meribah.- Restoration.
526 _aSEG44
526 _aSEG26
526 _aP151
526 _aP150
526 _aP149
526 _aP146
526 _aP145
526 _aP126
526 _aP125
526 _aP92
526 _aP75
526 _aP74
526 _aP27
526 _aP15
650 0 4 _aAgua en la biblia.
_95067
910 _ajck
_bjvq
_cjck
942 _2ddc
_cBOOK
949 _aRC 221.07 H 40 1
_wDEWEY
_c1
_i43015
_lCCODEBUL1
_mBUL
_r0
_sY
_tBOOK
_u2015-6-16
_xTEOLOGIA
_zUNKNOWN
_0COMPRA
_o.CIRCNOTE. No olvidar cambiar la fecha de devolución!!!!!!!
_o.STAFF. Colección General
994 _aC0
_bPEPRU
596 _a1
999 _aRC 221.07 H 40 1
_wDEWEY
_c60988
_i43015
_f2021-11-8
_g6
_lCCODEBUL1
_mBUL
_r1
_sY
_tBOOK
_u2015-6-16
_xTEOLOGIA
_zUNKNOWN
_0COMPRA
_o.CIRCNOTE. No olvidar cambiar la fecha de devolución!!!!!!!
_o.STAFF. Colección General
_d60988
980 _81
_gALBERTO SANCHEZ Responsable de Automatización